One Of Us - Liam Gallagher - All Lyrics - Statistics

General Stats
  • This quiz has been taken 37 times
  • The average score is 208 of 264
Answer Stats
Answer % Correct
a
100%
and
100%
C'mon,
100%
C’mon
100%
for
100%
I
100%
I've
100%
know?
100%
know
100%
of
100%
on
100%
one
100%
us
100%
us)
100%
We
100%
were
100%
you
100%
You
100%
always
96%
do
96%
It
96%
it
96%
kid,
96%
kid
96%
last
96%
the
96%
time
96%
to
96%
want
96%
When
96%
your
96%
16
91%
ago
91%
did
91%
go
91%
Hey
91%
said,
91%
said
91%
was
91%
years
91%
me
87%
more
87%
Today
87%
door
83%
head
83%
open
83%
other
83%
'round
83%
see
83%
side
83%
smoke
83%
live
78%
ring
78%
Who
78%
with
78%
you're
78%
all,
74%
all
74%
come
74%
In
74%
forever
70%
would
70%
don't
65%
kidding?
65%
out
65%
think
65%
times
65%
we'd
65%
After
61%
angrily
61%
Disappear
61%
find
61%
goodbye
61%
tell
61%
thousand
61%
like
57%
Maybe
57%
only
57%
Well,
57%
Won’t
57%
you'll
57%
Act
52%
down
52%
hanging
52%
road
52%
life
48%
mind
48%
old
48%
remember
48%
gotta
43%
Keep
43%
you'd
39%
beginning
35%
my
35%
at
30%
End
30%
up
30%
friend
26%
(It's
26%
thought
26%
But
22%
change,
22%
shame,
22%
shame
22%
No matching quizzes found
Score Distribution
Percent of People with Each Score
Percentile by Number Answered
Your Score History
You have not taken this quiz